000
00299nam a2200121Ia 4500
008
220204s9999 xx 000 0 und d
082
_a
635
_b
THA;1
100
_a
THACKER, Christopher
245
0
_a
History of gardens
260
_a
London
_b
Groom Helm
_c
1979
650
_a
Gardens History
942
_c
BK
999
_c
33320
_d
33320